[Event "TOP16-LaBourdannais"]
[Site "TOP16-LaBourdannais"]
[Date "2021.01.09"]
[Round "7"]
[White "Babota"]
[Black "MeMouss"]
[Result "1/2-1/2"]
[WhiteElo "1791"]
[BlackElo "2017"]
[Annotator "TA"]
[PlyCount "90"]
[EventDate "2021.01.09"]
[EventType "blitz"]
[BlackTeam "Vandoeuvre"]

{[%evp 12,90,62,39,63,53,70,25,63,70,87,80,89,0,0,0,1,-2,55,60,68,0,0,0,0,-11,0,-36,0,0,12,25,16,6,61,8,61,71,69,39,46,41,45,18,107,4,4,4,32,26,33,7,21,19,23,0,0,0,0,0,16,10,10,13,8,8,7,4,38,38,49,21,52,58,49,0,28,0,55,0,23]} 1. e4 c5 2. Nf3 e6 3. d4 cxd4 4. Nxd4 a6 5. Nc3 b5 6. Bd3 Qb6 7. Nb3 {7.Nf3 might become the main line.} Nc6 {B43: Sicilian: Kan Variation: 5 Nc3.} 8. O-O Nf6 {[#]} 9. Re1 $146 ({Predecessor:} 9. Be3 Qc7 10. f4 d6 11. a4 b4 12. Ne2 Be7 13. Nbd4 Bb7 14. Nxc6 Bxc6 15. Ng3 {0-1 (44) Xie,B (2050)-Rychagov,A (2545) Chess.com INT 2020}) 9... d6 {White has an edge.} 10. a4 {[%cal Ra4b5,Ba2a4,Ba4a5][%mdl 32]} b4 {[#]} 11. a5 $1 {[%cal Ra5b6]} Qc7 {[#]} (11... Qb8 12. Na4) 12. Ne2 (12. Na4 $1 $16) 12... Be7 $11 13. Ng3 O-O 14. Be3 d5 ({Black should try} 14... Nd7 $11) 15. Bb6 $1 $14 {[%cal Rb6c7]} Qb8 16. Bc5 (16. exd5 $14 Nxd5 17. Be4) 16... Bxc5 $11 17. Nxc5 Qc7 18. Nb3 Rd8 19. Qc1 h6 20. Qe3 dxe4 21. Nxe4 Nd5 22. Qc5 Ne5 (22... Bb7 $11) 23. Bf1 ({Better is} 23. Qxc7 $14 Nxc7 24. Bf1) 23... Qxc5 ({Black should play} 23... Qb8 $11) 24. Nexc5 $14 Nd7 25. Red1 Nxc5 26. Nxc5 Rd6 27. Bc4 (27. c3 {is interesting.} bxc3 28. bxc3 Rc6 29. Na4 Bb7 30. c4) 27... Rb8 {[#]} (27... Rc6 $11 {remains equal.} 28. Bxd5 exd5 29. Rxd5 Ra7) 28. Bxd5 (28. Rd4 $1 $16) 28... exd5 $11 29. Nb3 Bf5 30. Nd4 Bd7 31. Re1 Kf8 32. Re3 Rc8 33. Rd1 Rc5 34. Rb3 Rc4 35. Re3 g6 36. f3 Rc5 37. Rb3 Rc4 38. Rd2 Ba4 39. Re3 {b3 is the strong threat.} Bd7 40. Kf2 h5 41. h4 Rc5 42. Rb3 Rc4 43. Re3 Rc5 44. Rb3 (44. Nb3 $5 {[%cal Rb3c5]} Rc4 45. Nd4 $11) 44... Rc4 45. Re3 Rc5 {Weighted Error Value: White=0.21/Black=0.16} 1/2-1/2

[Event "TOP16-LaBourdannais"]
[Site "TOP16-LaBourdannais"]
[Date "2021.01.09"]
[Round "7"]
[White "Lyon-YOUNES"]
[Black "Soumcouy"]
[Result "1-0"]
[WhiteElo "1758"]
[BlackElo "2084"]
[Annotator "TA"]
[PlyCount "43"]
[EventDate "2021.01.09"]
[EventType "blitz"]

{[%evp 11,43,15,22,-30,-37,-41,-14,-12,341,347,485,479,470,466,516,514,546,547,553,540,562,541,663,652,986,560,1002,996,2048,1813,29991,29992,29993,29992]} 1. Nf3 c5 2. c4 Nc6 3. Nc3 e5 4. e3 Nf6 5. d4 cxd4 6. exd4 e4 7. d5 {A34: Symmetrical English: 2 Nc3, lines with ...d5.} exf3 $11 8. dxc6 Bb4 9. Qxf3 {[#] The position is equal.} O-O $146 {[%mdl 8192] This move loses the game for Black.} (9... dxc6 $11 {and Black is okay.} 10. Be2 O-O) ({Predecessor:} 9... dxc6 10. Be2 O-O 11. Bg5 Re8 12. O-O Bxc3 13. bxc3 Bg4 14. Qxg4 Nxg4 15. Bxd8 Rxe2 {0-1 (29) Soltau,A (1983)-Andreev,E (2498) Karvina 2012}) 10. cxb7 $18 Re8+ {[#]} 11. Be2 $1 Bxb7 12. Qxb7 Qa5 13. O-O Rab8 14. Qf3 Bxc3 15. bxc3 Ne4 16. Bf4 Rb2 17. Bd3 Nxc3 18. h3 g6 19. Rae1 Rxe1 20. Rxe1 {[#] White wants to mate with Qa8+.} h5 21. Re8+ Kh7 22. Be5 {[%cal Rf3h5] Weighted Error Value: White=0.41/Black=0.99} 1-0

[Event "TOP16-LaBourdannais"]
[Site "TOP16-LaBourdannais"]
[Date "2021.01.09"]
[Round "8"]
[White "ProfTerrieux"]
[Black "amiralfio"]
[Result "1/2-1/2"]
[WhiteElo "2467"]
[BlackElo "1820"]
[Annotator "TA"]
[PlyCount "42"]
[EventDate "2021.01.09"]
[EventType "blitz"]

{[%evp 20,42,-13,-13,2,-12,-4,-5,50,6,12,0,0,0,52,52,51,45,50,18,16,15,13,0,8]} 1. d4 Nf6 2. c4 e6 3. Nf3 d5 4. cxd5 exd5 5. Nc3 Be7 6. Bg5 c6 7. Qc2 g6 8. e3 Bf5 9. Bd3 Bxd3 10. Qxd3 O-O 11. O-O {11.Bxf6 might become the main line.} Re8 {D36: Queen's Gambit Declined: Exchange Variation: Main line (5 Bg5 c6 6 Qc2).} 12. Rab1 a5 {[#]} 13. Ne5 $146 ({Predecessor:} 13. a3 Nbd7 14. Rfc1 Ne4 15. Bxe7 Qxe7 16. Nd2 Nxd2 17. Qxd2 Nb6 18. Ne2 Nc4 19. Qc3 Qd6 20. a4 Qd8 21. Nf4 Nd6 22. Nd3 {½-½ (66) Formanek,E (2240)-Milman,L (2474) Las Vegas 2009}) 13... Ne4 (13... Nfd7 $11 14. Bxe7 Qxe7) 14. Bxe7 (14. Nxe4 {with more complications.} Bxg5 15. Qb3 Nd7 16. Nxf7 Kxf7 17. Nd6+) 14... Qxe7 15. Nxe4 dxe4 16. Qe2 ({Of course not} 16. Qxe4 f6 $17) (16. Qd2 {seems wilder.} a4 17. Nc4 Nd7 18. b4 axb3 19. axb3 Nf6 20. b4) 16... Nd7 (16... Na6 $11) 17. Nxd7 $14 Qxd7 18. Rbc1 Qe6 19. a3 Red8 {The position is equal.} 20. Rc5 Rd5 21. Rfc1 Rad8 {Weighted Error Value: White=0.09/Black=0.23} 1/2-1/2

[Event "TOP16-LaBourdannais"]
[Site "TOP16-LaBourdannais"]
[Date "2021.01.09"]
[Round "8"]
[White "Soumcouy"]
[Black "PositionalChess"]
[Result "0-1"]
[WhiteElo "2054"]
[BlackElo "2110"]
[Annotator "TA"]
[PlyCount "118"]
[EventDate "2021.01.09"]
[EventType "blitz"]

{[%evp 17,118,-1,0,-7,-8,-7,-9,-8,-4,-16,-12,-19,-19,-27,-30,-52,-50,-66,-75,-91,-86,-80,-70,-95,-96,-81,-80,-106,-79,-131,-81,-84,-84,-130,-102,-96,-73,-79,-72,-82,-75,-75,-82,-96,-96,-366,-366,-365,-365,-363,-363,-356,-337,-489,-489,-488,-481,-478,-482,-488,-485,-478,-476,-489,-484,-488,-481,-533,-532,-532,-532,-532,-512,-508,-498,-1110,-698,-600,-600,-733,-730,-861,-520,-482,-456,-730,-500,-544,-410,-1500,-315,-6126,-6250,-6110,-5834,-29985,-29986,-29986,-29987,-29987,-29985,-29993,-29994]} 1. d4 d5 2. Nf3 Nf6 3. e3 g6 4. Be2 Bg7 5. O-O O-O 6. b3 c5 7. Bb2 cxd4 8. exd4 Nc6 9. Nbd2 Bg4 10. Ne5 {A05: Réti Opening: 1 Nf3 Nf6.} Bxe2 11. Qxe2 Rc8 12. Ndf3 {The position is equal.} e6 13. c4 {[#]} dxc4 $146 ({Predecessor:} 13... Qa5 14. Nxc6 bxc6 15. Ne5 Qa6 16. a4 Rfd8 17. b4 dxc4 18. Rfc1 Nd5 19. Qxc4 Qxc4 20. Rxc4 Bxe5 21. dxe5 {½-½ (83) Krejci,D (1873)-Kostyra,S (2324) Brno 2010}) 14. bxc4 Nxe5 15. Nxe5 Nd7 16. Nf3 Qa5 17. Rfd1 Nb6 18. c5 Nd5 19. g3 b6 20. cxb6 axb6 21. a4 Rc7 22. Qb5 Rfc8 23. Ba3 (23. Qxa5 $142 bxa5 24. Rdc1) 23... Rc4 24. Qxa5 bxa5 25. Bd6 Nc3 26. Rd3 Nxa4 27. Rda3 Nc3 {[#] And now ...Nb5 would win.} 28. Rxa5 Ne2+ 29. Kg2 Nxd4 30. Nxd4 Bxd4 31. Be5 $2 {[%mdl 8192] [#] This costs White the game.} (31. R1a3 $17 {was worth a try.}) 31... Bxa1 $19 32. Rxa1 {[%mdl 4096] Endgame KRR-KRB} h5 33. h4 R4c5 34. Bd4 Rd5 35. Ra4 (35. Bf6 $142) 35... e5 36. Be3 Kg7 37. Ra7 Rcd8 38. Kf3 R8d7 39. Ra8 f6 40. Rb8 Kf7 41. Ra8 Ke6 42. Re8+ Kf5 43. Ra8 Rd3 44. Ra6 R7d6 45. Ra7 Rb3 46. Ra8 (46. Ra2 $142) 46... e4+ 47. Kg2 Kg4 48. Ra2 g5 49. hxg5 fxg5 50. Bc5 Rd5 51. Ba7 (51. Rc2 $142) 51... Rdb5 52. Ra4 Kf5 53. Bd4 (53. g4+ $142 Kxg4 54. Rxe4+ Kf5 55. Re8) 53... h4 $2 (53... R3b4 54. Rxb4 Rxb4) 54. Ra6 (54. gxh4 gxh4 55. Be3) 54... hxg3 55. fxg3 Kg4 56. Bf2 Rb2 {Black mates.} 57. Re6 R5b4 58. Re8 Re2 59. Re7 Rbb2 {Weighted Error Value: White=0.39/Black=0.16} 0-1

[Event "TOP16-LaBourdannais"]
[Site "TOP16-LaBourdannais"]
[Date "2021.01.09"]
[Round "8"]
[White "MeMouss"]
[Black "Lasker69"]
[Result "1-0"]
[WhiteElo "2008"]
[BlackElo "2470"]
[Annotator "NA RC"]
[PlyCount "63"]
[EventDate "2021.01.09"]
[EventType "blitz"]
[WhiteTeam "Vandoeuvre"]

{Me Mouss , Maître} 1. e4 {[%emt 0:00:04]} c5 {[%emt 0:00:03]} 2. Nf3 {[%emt 0:00:01]} d6 {[%emt 0:00:01]} 3. d4 {[%emt 0:00:01]} cxd4 {[%emt 0:00:01]} 4. Nxd4 {[%emt 0:00:01]} Nf6 {[%emt 0:00:01]} 5. Nc3 {[%emt 0:00:01]} a6 {[%emt 0:00:01]} 6. Nb3 {[%emt 0:00:01]} e6 {[%emt 0:00:06]} 7. g4 {[%emt 0:00:06]} h6 {[%emt 0:00:19]} 8. Bg2 {[%emt 0:00:05]} Be7 {[%emt 0:00:07]} 9. Be3 {[%emt 0:00:10]} Nbd7 {[%emt 0:00:35]} 10. Qe2 {[%emt 0:00:12]} Qc7 {[%emt 0:00:12]} 11. O-O-O {[%emt 0:00:07]} Ne5 {[%emt 0:00:02]} 12. f3 {[%emt 0:00:11]} Nc4 {[%emt 0:00:02]} 13. h4 {[%emt 0:00:05]} Nd7 {[%emt 0:00:15]} 14. Bd4 {[%emt 0:00:05]} Rg8 {[%emt 0:00:16]} 15. f4 {[%emt 0:00:08]} b5 {[%emt 0:00:07]} 16. g5 {[%emt 0:00:43]} Bb7 {[%emt 0:00:04]} 17. Bh3 {[%emt 0:00:04]} Nf8 {[%emt 0:00:19]} 18. Rhg1 {[%emt 0:00:05]} hxg5 {[%emt 0:00:09]} 19. hxg5 {[%emt 0:00:02]} e5 {[%emt 0:00:40]} 20. fxe5 {[%emt 0:00:11]} dxe5 {[%emt 0:00:01]} 21. Bf2 {[%emt 0:00:01]} Ng6 {[%emt 0:00:25]} 22. Rd7 {[%emt 0:00:14]} Qb8 {[%emt 0:00:20]} 23. Bc5 {[%emt 0:00:21]} Bc8 {[%emt 0:00:21]} 24. Qd1 {[%emt 0:00:30]} Bxd7 {[%emt 0:00:12]} 25. Qxd7+ {[%emt 0:00:22]} Kf8 {[%emt 0:00:01]} 26. Nd5 {[%emt 0:00:02]} Qd8 {[%emt 0:00:05]} 27. Nxe7 {[%emt 0:00:34]} Nxe7 {[%emt 0:00:06]} 28. Qb7 {[%emt 0:00:25]} Rh8 {[%emt 0:01:03]} 29. Bxe7+ {[%emt 0:00:06]} Qxe7 {[%emt 0:00:01]} 30. Qxa8+ {[%emt 0:00:01]} Qe8 {[%emt 0:00:01]} 31. Qxe8+ {[%emt 0:00:04]} Kxe8 {[%emt 0:00:01]} 32. Rg3 {[%emt 0:00:02] Lasker69 resigns} 1-0

[Event "TOP16-LaBourdannais"]
[Site "TOP16-LaBourdannais"]
[Date "2021.01.09"]
[Round "8"]
[White "SFeller"]
[Black "Burrito2001"]
[Result "1-0"]
[WhiteElo "1990"]
[BlackElo "2035"]
[Annotator "NA RC"]
[PlyCount "95"]
[EventDate "2021.01.09"]
[EventType "blitz"]

{SFeller reconnected.} 1. d4 {[%emt 0:00:29]} d5 {[%emt 0:00:12]} 2. Bg5 {[%emt 0:00:03] SFeller received Ill MvData=1. d7-d5 (1247cs)} c6 {[%emt 0:00:08] SFeller kibitzing!?} 3. e3 {[%emt 0:00:11]} h6 {[%emt 0:00:03]} 4. Bf4 {[%emt 0:00:03] SFeller received Ill MvData=5. h7-h6 (315cs)} Qb6 {[%emt 0:00:02] SFeller kibitzing!?} 5. Qc1 {[%emt 0:00:05]} Nf6 {[%emt 0:00:02] SFeller kibitzing!?} 6. c4 {[%emt 0:00:06]} Bf5 {[%emt 0:00:06] SFeller kibitzing!?} 7. Nc3 {[%emt 0:00:09]} e6 {[%emt 0:00:03]} 8. Nf3 {[%emt 0:00:02]} Nbd7 {[%emt 0:00:01] SFeller received Ill MvData=13. e7-e6 (346cs)} 9. Be2 {[%emt 0:00:04] SFeller received Ill MvData=15. b8-d7 (141cs)} Be7 {[%emt 0:00:04] SFeller kibitzing!?} 10. h3 {[%emt 0:00:05]} O-O {[%emt 0:00:02]} 11. O-O {[%emt 0:00:02] SFeller received Ill MvData=19. e8-g8 (174cs) SFeller reconnected.} Rfc8 {[%emt 0:00:44] SFeller kibitzing!?} 12. c5 {[%emt 0:00:08]} Qd8 {[%emt 0:00:01]} 13. b4 {[%emt 0:00:01] SFeller received Ill MvData=23. b6-d8 (145cs)} b6 {[%emt 0:00:07]} 14. Ba6 {[%emt 0:00:03] SFeller received Ill MvData=25. b7-b6 (748cs)} bxc5 {[%emt 0:00:03] SFeller kibitzing!?} 15. bxc5 {[%emt 0:00:08]} Qa5 {[%emt 0:00:06] SFeller kibitzing!?} 16. Bxc8 {[%emt 0:00:18]} Rxc8 {[%emt 0:00:00] SFeller kibitzing!?} 17. Ne5 {[%emt 0:00:10]} Nxe5 {[%emt 0:00:03]} 18. Bxe5 {[%emt 0:00:00]} Bd3 {[%emt 0:00:01] SFeller received Ill MvData=33. d7-e5 (293cs) SFeller kibitzing!?} 19. Rd1 {[%emt 0:00:05]} Bc4 {[%emt 0:00:01] SFeller kibitzing!?} 20. Rb1 {[%emt 0:00:05]} Ba6 {[%emt 0:00:12] SFeller kibitzing!?} 21. Qd2 {[%emt 0:00:04]} Qd8 {[%emt 0:00:08] SFeller kibitzing!?} 22. Rb3 {[%emt 0:00:04]} Nd7 {[%emt 0:00:05] SFeller kibitzing!?} 23. Bg3 {[%emt 0:00:11]} Bf6 {[%emt 0:00:21] SFeller kibitzing!?} 24. Ra3 {[%emt 0:00:04]} Bc4 {[%emt 0:00:01]} 25. Rxa7 {[%emt 0:00:02]} Ra8 {[%emt 0:00:01] SFeller received Ill MvData=47. a6-c4 (114cs) SFeller kibitzing!?} 26. Rxa8 {[%emt 0:00:06]} Qxa8 {[%emt 0:00:00] SFeller kibitzing!?} 27. Rb1 {[%emt 0:00:08]} Qa3 {[%emt 0:00:02] SFeller kibitzing!?} 28. Rb7 {[%emt 0:00:05]} Nxc5 {[%emt 0:00:02] SFeller kibitzing!?} 29. Rb8+ {[%emt 0:00:18]} Kh7 {[%emt 0:00:02] SFeller kibitzing!?} 30. Qb2 {[%emt 0:00:06]} Qa5 {[%emt 0:00:11] SFeller kibitzing!?} 31. Qb4 {[%emt 0:00:15]} Qxb4 {[%emt 0:00:11]} 32. Rxb4 {[%emt 0:00:00]} Nd3 {[%emt 0:00:02] SFeller received Ill MvData=61. a5-b4 (1121cs) SFeller kibitzing!?} 33. Rb7 {[%emt 0:00:04]} c5 {[%emt 0:00:18] SFeller kibitzing!?} 34. Nb5 {[%emt 0:00:09]} Bxa2 {[%emt 0:00:30]} 35. dxc5 {[%emt 0:00:03]} Nxc5 {[%emt 0:00:00] SFeller kibitzing!? SFeller kibitzing!?} 36. Rxf7 {[%emt 0:00:06]} Ne4 {[%emt 0:00:01] SFeller kibitzing!?} 37. Bh2 {[%emt 0:00:15]} e5 {[%emt 0:00:03] SFeller kibitzing!?} 38. f3 {[%emt 0:00:09]} Ng5 {[%emt 0:00:16]} 39. Ra7 {[%emt 0:00:01] SFeller received Ill MvData=75. e4-g5 (1566cs)} Bb3 {[%emt 0:00:04] SFeller kibitzing!?} 40. Nd6 {[%emt 0:00:23]} e4 {[%emt 0:00:13] SFeller kibitzing!?} 41. Ne8 {[%emt 0:00:05]} Kg6 {[%emt 0:00:07]} 42. Nxf6 {[%emt 0:00:04]} gxf6 {[%emt 0:00:00] SFeller kibitzing!?} 43. f4 {[%emt 0:00:11]} Ne6 {[%emt 0:00:02] SFeller kibitzing!?} 44. g4 {[%emt 0:00:06]} Nc5 {[%emt 0:00:09] SFeller kibitzing!?} 45. f5+ {[%emt 0:00:10]} Kg5 {[%emt 0:00:01]} 46. Rg7+ {[%emt 0:00:02]} Kh4 {[%emt 0:00:01] SFeller received Ill MvData=89. g6-g5 (72cs)} 47. Kg2 {[%emt 0:00:04] SFeller received Ill MvData=91. g5-h4 (94cs)} Bd1 {[%emt 0:00:04]} 48. Bg3# {[%emt 0:00:02] Mate} 1-0

[Event "TOP16-LaBourdannais"]
[Site "TOP16-LaBourdannais"]
[Date "2021.01.09"]
[Round "8"]
[White "Pierre35"]
[Black "Yvesandre2"]
[Result "0-1"]
[WhiteElo "1950"]
[BlackElo "2298"]
[Annotator "NA RC"]
[PlyCount "102"]
[EventDate "2021.01.09"]
[EventType "blitz"]

1. e4 {[%emt 0:00:29]} e5 {[%emt 0:00:02]} 2. Nf3 {[%emt 0:00:01]} Nc6 {[%emt 0:00:01]} 3. Bb5 {[%emt 0:00:02]} a6 {[%emt 0:00:02]} 4. Ba4 {[%emt 0:00:01]} Nf6 {[%emt 0:00:03]} 5. O-O {[%emt 0:00:02]} Bc5 {[%emt 0:00:06]} 6. c3 {[%emt 0:00:02]} b5 {[%emt 0:00:02]} 7. Bb3 {[%emt 0:00:02]} d6 {[%emt 0:00:02]} 8. d3 {[%emt 0:00:02]} h6 {[%emt 0:00:49]} 9. Nbd2 {[%emt 0:00:08]} O-O {[%emt 0:00:03]} 10. Re1 {[%emt 0:00:01]} a5 {[%emt 0:00:35]} 11. a4 {[%emt 0:00:14]} b4 {[%emt 0:00:02]} 12. Nc4 {[%emt 0:00:03]} bxc3 {[%emt 0:00:16]} 13. bxc3 {[%emt 0:00:02]} Rb8 {[%emt 0:00:06]} 14. Be3 {[%emt 0:00:22]} Bxe3 {[%emt 0:00:12]} 15. Nxe3 {[%emt 0:00:01]} Ne7 {[%emt 0:00:10]} 16. Rb1 {[%emt 0:00:16]} Be6 {[%emt 0:00:14]} 17. Bc4 {[%emt 0:00:22]} Ng6 {[%emt 0:00:12]} 18. g3 {[%emt 0:00:13]} Qd7 {[%emt 0:00:08]} 19. Bxe6 {[%emt 0:01:14]} fxe6 {[%emt 0:00:05]} 20. Rxb8 {[%emt 0:00:17]} Rxb8 {[%emt 0:00:01]} 21. Nc4 {[%emt 0:00:00]} Qc6 {[%emt 0:00:19]} 22. Qc2 {[%emt 0:00:05]} Qc5 {[%emt 0:00:05]} 23. h3 {[%emt 0:00:45] Yvesandre2 reconnected.} Rf8 {[%emt 0:01:01]} 24. Kg2 {[%emt 0:00:07]} Rb8 {[%emt 0:01:00]} 25. Nfd2 {[%emt 0:00:18]} d5 {[%emt 0:00:24]} 26. exd5 {[%emt 0:00:12]} Qxd5+ {[%emt 0:00:08]} 27. Ne4 {[%emt 0:00:05]} Rd8 {[%emt 0:00:05]} 28. Ne3 {[%emt 0:00:23] '} Qc6 {[%emt 0:00:10]} 29. Kg1 {[%emt 0:00:09]} Nd5 {[%emt 0:00:02]} 30. Nc4 {[%emt 0:00:04]} Qa6 {[%emt 0:00:05]} 31. Qb3 {[%emt 0:00:04]} Kh7 {[%emt 0:00:02]} 32. Qb5 {[%emt 0:00:03]} Qxb5 {[%emt 0:00:03]} 33. axb5 {[%emt 0:00:00]} a4 {[%emt 0:00:00]} 34. Ra1 {[%emt 0:00:09]} Ra8 {[%emt 0:00:01]} 35. Kf1 {[%emt 0:00:05]} Nb6 {[%emt 0:00:04]} 36. Ke2 {[%emt 0:00:09]} Nxc4 {[%emt 0:00:05]} 37. dxc4 {[%emt 0:00:00]} Ne7 {[%emt 0:00:01]} 38. Kd3 {[%emt 0:00:04]} Kg6 {[%emt 0:00:02]} 39. Nc5 {[%emt 0:00:04]} a3 {[%emt 0:00:02]} 40. Nxe6 {[%emt 0:00:03]} Ra7 {[%emt 0:00:02]} 41. Kc2 {[%emt 0:00:09]} e4 {[%emt 0:00:06]} 42. Nc5 {[%emt 0:00:01]} Kf5 {[%emt 0:00:02]} 43. Kb3 {[%emt 0:00:02]} Ng6 {[%emt 0:00:04]} 44. Rxa3 {[%emt 0:00:02]} Rxa3+ {[%emt 0:00:02]} 45. Kxa3 {[%emt 0:00:00]} Ne5 {[%emt 0:00:01]} 46. Kb4 {[%emt 0:00:02]} Nd3+ {[%emt 0:00:01]} 47. Nxd3 {[%emt 0:00:11]} exd3 {[%emt 0:00:00]} 48. Kb3 {[%emt 0:00:03]} Ke4 {[%emt 0:00:00]} 49. c5 {[%emt 0:00:03]} Kf3 {[%emt 0:00:01]} 50. b6 {[%emt 0:00:02]} d2 {[%emt 0:00:01]} 51. bxc7 {[%emt 0:00:03]} d1=Q+ {[%emt 0:00:02] Pierre35 resigns} 0-1

[Event "TOP16-LaBourdannais"]
[Site "TOP16-LaBourdannais"]
[Date "2021.01.09"]
[Round "8"]
[White "Risso"]
[Black "jncool68"]
[Result "0-1"]
[WhiteElo "1919"]
[BlackElo "2387"]
[Annotator "NA RC"]
[PlyCount "76"]
[EventDate "2021.01.09"]
[EventType "blitz"]

1. e4 {[%emt 0:00:08]} e5 {[%emt 0:00:01]} 2. Nf3 {[%emt 0:00:01]} Nc6 {[%emt 0:00:01]} 3. Nc3 {[%emt 0:00:01]} Nf6 {[%emt 0:00:01]} 4. Be2 {[%emt 0:00:01]} Bd6 {[%emt 0:00:02]} 5. O-O {[%emt 0:00:02]} O-O {[%emt 0:00:01]} 6. d4 {[%emt 0:00:04]} exd4 {[%emt 0:00:02]} 7. Nxd4 {[%emt 0:00:00]} Re8 {[%emt 0:00:00]} 8. Nxc6 {[%emt 0:00:31]} bxc6 {[%emt 0:00:09]} 9. Bd3 {[%emt 0:00:12]} Bc5 {[%emt 0:00:14]} 10. h3 {[%emt 0:00:07]} d6 {[%emt 0:00:02]} 11. Bg5 {[%emt 0:00:12]} h6 {[%emt 0:00:02]} 12. Bh4 {[%emt 0:00:06]} Rb8 {[%emt 0:00:01]} 13. Rb1 {[%emt 0:00:03]} Bd4 {[%emt 0:00:53]} 14. Qf3 {[%emt 0:00:23]} Qe7 {[%emt 0:00:13]} 15. Rfe1 {[%emt 0:00:51]} Qe5 {[%emt 0:00:08]} 16. Nd1 {[%emt 0:00:44]} Qh5 {[%emt 0:00:01]} 17. Qxh5 {[%emt 0:01:30]} Nxh5 {[%emt 0:00:00]} 18. c3 {[%emt 0:00:15]} Bc5 {[%emt 0:00:02]} 19. Kh2 {[%emt 0:00:39]} g5 {[%emt 0:00:13]} 20. Bg3 {[%emt 0:00:01]} Nxg3 {[%emt 0:00:01]} 21. Kxg3 {[%emt 0:00:00]} d5 {[%emt 0:00:02]} 22. f3 {[%emt 0:00:02]} f5 {[%emt 0:00:02]} 23. b4 {[%emt 0:00:11]} Bd6+ {[%emt 0:00:19]} 24. Kf2 {[%emt 0:00:02]} c5 {[%emt 0:00:01]} 25. a3 {[%emt 0:00:04]} c4 {[%emt 0:00:03]} 26. Bc2 {[%emt 0:00:01]} Bb7 {[%emt 0:00:02]} 27. Ne3 {[%emt 0:00:05]} fxe4 {[%emt 0:00:03]} 28. fxe4 {[%emt 0:00:03]} dxe4 {[%emt 0:00:02]} 29. Nxc4 {[%emt 0:00:03]} Bf8 {[%emt 0:00:17]} 30. Kg1 {[%emt 0:00:04]} Bg7 {[%emt 0:00:01]} 31. Nd2 {[%emt 0:00:05]} Bxc3 {[%emt 0:00:03]} 32. Re2 {[%emt 0:00:03]} e3 {[%emt 0:00:04]} 33. Nb3 {[%emt 0:00:04]} Ba6 {[%emt 0:00:02]} 34. Ree1 {[%emt 0:00:05]} Bxe1 {[%emt 0:00:06]} 35. Rxe1 {[%emt 0:00:00]} Rbd8 {[%emt 0:00:01]} 36. Nc5 {[%emt 0:00:01]} Bc4 {[%emt 0:00:01]} 37. Bb3 {[%emt 0:00:08]} Bxb3 {[%emt 0:00:01]} 38. Nxb3 {[%emt 0:00:00]} Rd3 {[%emt 0:00:02] Risso resigns} 0-1